[Event "European Rapid 2022"]
[Site "Katowice POL"]
[Date "2022.12.17"]
[Round "5.51"]
[White "Hrabinska, Myroslava"]
[Black "Piesik, Piotr"]
[Result "1/2-1/2"]
[WhiteTitle "WGM"]
[BlackTitle "IM"]
[WhiteElo "2210"]
[BlackElo "2420"]
[WhiteFideId "14109190"]
[BlackFideId "1136194"]
[EventDate "2022.12.17"]

1. e4 g6 2. d4 Bg7 3. Nc3 c6 4. Be3 d5 5. e5 Nh6 6. f3 f6 7. Qd2 Nf5 8. Bf4 g5
9. Bg3 Nxg3 10. hxg3 Bf5 11. O-O-O Nd7 12. g4 Bg6 13. e6 Nf8 14. Re1 Qd6 15. Qe3
f5 16. gxf5 Bxf5 17. Qxg5 Bg6 18. Qe3 h5 19. f4 Bf5 20. Bd3 Bxe6 21. Nf3 O-O-O
22. Kb1 Bf6 23. Ne5 h4 24. f5 Bg8 25. Ng4 Nd7 26. Nxf6 exf6 27. Qf2 Bf7 28. Rxh4
Rxh4 29. Qxh4 Rg8 30. Bf1 Rg5 31. Qf2 Nb6 32. a3 Rg4 33. Bd3 Kd8 34. Ne2 Nc4 35.
Bxc4 dxc4 36. g3 Re4 37. Nf4 Rxe1+ 38. Qxe1 Qxd4 39. Ne6+ Bxe6 40. Qxe6 a5 41.
Ka2 c3 42. bxc3 Qxc3 43. Qb3 Qc5 44. Qd3+ Kc7 45. Kb2 Qe5+ 46. Kc1 b5 47. Kb1 a4
48. Ka2 Qc5 49. Qe4 Kb6 50. g4 Qc3 51. Qd3 Qe5 52. Kb1 Kc7 53. Ka2 Qf4 54. Qe2
Kb6 55. Kb1 b4 56. axb4 Qxb4+ 57. Ka2 a3 58. Qe3+ Kc7 59. Qxa3 Qxg4 60. Qe7+ Kb6
61. Qxf6 Qc4+ 62. Kb1 Qf1+ 63. Ka2 Qc4+ 64. Kb2 Qb4+ 65. Ka1 Qa5+ 66. Kb1 Qe1+
67. Ka2 Qa5+ 68. Kb3 Qd5+ 69. Kc3 Qf3+ 70. Kc4 Qe2+ 71. Kc3 Qe1+ 72. Kb3 Qb1+
73. Qb2 Qf1 74. f6 c5 75. Qc3 Kc6 76. Kb2 Qf5 77. Ka3 Qf4 78. Qd3 Qb4+ 79. Ka2
Qa4+ 80. Kb2 Qb4+ 81. Qb3 Qd4+ 82. Qc3 Qf4 83. Ka2 Qa4+ 84. Qa3 Qxc2+ 85. Qb2
Qa4+ 86. Kb1 Qe4+ 87. Ka2 Qa4+ 1/2-1/2

[Event "European Rapid 2022"]
[Site "Katowice POL"]
[Date "2022.12.17"]
[Round "5.52"]
[White "Klenburg, Michael"]
[Black "Hasterok, Mateusz"]
[Result "1-0"]
[WhiteTitle "IM"]
[WhiteElo "2347"]
[BlackElo "2162"]
[WhiteFideId "14102072"]
[BlackFideId "21822352"]
[EventDate "2022.12.17"]

1. g3 d5 2. Bg2 Nf6 3. d3 c6 4. Nd2 Bg4 5. h3 Bh5 6. g4 Bg6 7. f4 e6 8. e4 dxe4
9. dxe4 Bc5 10. Qe2 h5 11. g5 Nfd7 12. h4 Qc7 13. Nb3 Bb6 14. Nf3 Na6 15. Bd2
O-O-O 16. O-O-O Nac5 17. Nxc5 Nxc5 18. Ne5 Bh7 19. Rhf1 f6 20. Nc4 Qf7 21. Be3
Qe7 22. e5 Kb8 23. Nd6 Nd7 24. Bxb6 Nxb6 25. c4 Nc8 26. c5 Nxd6 27. exd6 Qf7 28.
b3 Rhe8 29. Be4 Bxe4 30. Qxe4 Qd7 31. gxf6 gxf6 32. Rg1 e5 33. f5 Rg8 34. Rdf1
Rg7 35. Rg6 Rxg6 36. fxg6 Qh3 37. Qc4 Qg2 38. Rxf6 Qxa2 39. Qc3 Qa3+ 40. Kb1 Qa6
41. g7 Qe2 42. Rf8 Qe4+ 43. Qc2 Qe1+ 44. Kb2 Qxh4 45. Rxd8+ Qxd8 46. Qh7 1-0

[Event "European Rapid 2022"]
[Site "Katowice POL"]
[Date "2022.12.17"]
[Round "5.53"]
[White "Samunenkov, Ihor"]
[Black "Froewis, Annika"]
[Result "1-0"]
[WhiteTitle "IM"]
[BlackTitle "WFM"]
[WhiteElo "2488"]
[BlackElo "2114"]
[WhiteFideId "14187086"]
[BlackFideId "1621432"]
[EventDate "2022.12.17"]

1. d4 d5 2. Nc3 Nf6 3. Bf4 a6 4. e3 e6 5. g4 Bd6 6. Qf3 c5 7. O-O-O Nc6 8. Bxd6
Qxd6 9. g5 Nd7 10. Qg3 Qe7 11. f4 b5 12. Nf3 Nb6 13. e4 b4 14. exd5 bxc3 15.
dxc6 cxb2+ 16. Kb1 cxd4 17. Nxd4 O-O 18. h4 Nd5 19. Bg2 Nb6 20. h5 Nc4 21. Qc3
Qc5 22. Nb3 Na3+ 23. Kxb2 Qxc3+ 24. Kxc3 Nb5+ 25. Kb2 a5 26. a4 Nc7 27. Ka3 Re8
28. Rd4 f6 29. gxf6 gxf6 30. Be4 Kh8 31. Rd7 f5 32. Rxc7 fxe4 33. Re1 Rf8 34.
Rxe4 Rf5 35. Rd4 Ba6 36. Rdd7 Rxh5 37. Ra7 Rxa7 38. Rxa7 Bc4 39. c7 1-0

[Event "European Rapid 2022"]
[Site "Katowice POL"]
[Date "2022.12.17"]
[Round "5.54"]
[White "Player, Edmund C"]
[Black "Gunnarsson, Arnar"]
[Result "0-1"]
[BlackTitle "IM"]
[WhiteElo "2198"]
[BlackElo "2406"]
[WhiteFideId "406520"]
[BlackFideId "2300915"]
[EventDate "2022.12.17"]

1. e4 e5 2. Nf3 d5 3. exd5 Bd6 4. Bb5+ Bd7 5. Nc3 f5 6. d4 e4 7. Bg5 Nf6 8. Ne5
O-O 9. Qd2 a6 10. Bxd7 Nbxd7 11. Qf4 h6 12. Bh4 Qe8 13. Qxf5 Nxe5 14. dxe5 Nxd5
15. Qxe4 Nxc3 16. bxc3 Bxe5 17. Qc4+ Kh8 18. O-O Rf4 19. Qd5 Rxh4 20. g3 Rh5 21.
Rae1 Qb5 22. Qf3 Bd6 23. c4 Qf5 24. Qxb7 Rf8 25. Qg2 Qxc2 26. Re4 Rhf5 27. h4
Bc5 0-1

[Event "European Rapid 2022"]
[Site "Katowice POL"]
[Date "2022.12.17"]
[Round "5.55"]
[White "Batsiashvili, Nino"]
[Black "Lach, Aleksandra"]
[Result "0-1"]
[WhiteTitle "GM"]
[BlackTitle "WIM"]
[WhiteElo "2493"]
[BlackElo "2191"]
[WhiteFideId "13602993"]
[BlackFideId "1134299"]
[EventDate "2022.12.17"]

1. d4 d5 2. Nf3 c6 3. Bf4 Qb6 4. b3 Bf5 5. e3 Nd7 6. Be2 Ngf6 7. Nh4 Be4 8. Nd2
e6 9. f3 Bg6 10. g4 Bb4 11. Kf1 Bc3 12. Rc1 e5 13. dxe5 Ng8 14. Kg2 O-O-O 15.
Nb1 Bb2 16. Qd2 Bxc1 17. Rxc1 Ne7 18. a4 a5 19. Nc3 Nc5 20. Qd4 Qb4 21. Qxb4
axb4 22. Na2 Ne6 23. Nxb4 c5 24. Nd3 Bxd3 25. cxd3 g5 26. Nf5 Nxf5 27. gxf5 gxf4
28. fxe6 fxe6 29. Rxc5+ Kb8 30. exf4 Rdf8 31. Rb5 Rhg8+ 32. Kf2 Rxf4 33. Rb6 Rg6
34. Ke3 Rh4 35. d4 Kc7 36. a5 Rxh2 37. Bd3 Rgh6 38. b4 Rb2 39. Rb5 Rb3 40. Rc5+
Kb8 41. b5 Rh1 42. Kd2 Rh2+ 43. Ke3 Ra2 44. Rc1 Raa3 45. Rd1 Rxb5 46. f4 Rbb3
47. Ke2 Rxa5 48. Rd2 Raa3 49. Bxh7 Re3+ 50. Kd1 Rh3 51. Bg6 Ra1+ 52. Ke2 Rh2+
53. Ke3 Re1+ 54. Kd3 Rh3+ 55. Kc2 Ra1 56. Kb2 Rf1 57. f5 exf5 58. Bf7 Re3 59.
Bxd5 f4 60. Bc4 Rg1 61. e6 Kc7 62. d5 Kd6 63. Kc2 f3 64. Rd4 Rg2+ 65. Rd2 Rxd2+
66. Kxd2 Re5 67. Bf1 Kxd5 68. Bh3 b5 69. Bg4 f2 70. Bh3 Kd4 71. Kc2 Rxe6 0-1

[Event "European Rapid 2022"]
[Site "Katowice POL"]
[Date "2022.12.17"]
[Round "5.56"]
[White "Hunt, Harriet V"]
[Black "Morkunas, Gustas"]
[Result "1-0"]
[WhiteTitle "IM"]
[BlackTitle "FM"]
[WhiteElo "2348"]
[BlackElo "2110"]
[WhiteFideId "403512"]
[BlackFideId "12831026"]
[EventDate "2022.12.17"]

1. e4 c5 2. Nc3 a6 3. g3 b5 4. Bg2 Bb7 5. Nge2 e6 6. d4 cxd4 7. Nxd4 Nf6 8. O-O
Qc7 9. Re1 Nc6 10. Nb3 d6 11. h3 Be7 12. Be3 O-O 13. a4 b4 14. Na2 Rac8 15. c3
bxc3 16. Nxc3 Ne5 17. Rc1 Nc4 18. Qe2 Qb8 19. Nd4 Nd7 20. Bf4 Bf6 21. Nf3 Ba8
22. Rc2 Qb4 23. Rec1 Ndb6 24. g4 d5 25. exd5 exd5 26. g5 Rfe8 27. Qf1 Bxc3 28.
bxc3 Qxa4 29. Nd4 Qd7 30. Qd3 Na4 31. Ra1 Nc5 32. Qg3 a5 33. h4 Ne4 34. Qf3 Qa7
35. Bh3 Rcd8 36. Rca2 Qb6 37. Bf1 Nc5 38. Qg3 Qb7 39. Bg2 a4 40. h5 a3 41. g6
fxg6 42. hxg6 h6 43. Nf5 Ne4 44. Qh3 Qd7 45. Bxh6 Ncd6 46. Bxg7 Qxg7 47. Nxg7
Kxg7 48. Qh7+ Kf6 49. g7 Nf7 50. Rxa3 Bc6 51. Ra6 Rc8 52. Rxc6+ Rxc6 53. g8=Q
Rxg8 54. Qxg8 1-0

[Event "European Rapid 2022"]
[Site "Katowice POL"]
[Date "2022.12.17"]
[Round "5.57"]
[White "Plichta, Kamil"]
[Black "Aymerich Verdaguer, Eduard"]
[Result "1-0"]
[WhiteTitle "FM"]
[BlackTitle "CM"]
[WhiteElo "2394"]
[BlackElo "2208"]
[WhiteFideId "1141830"]
[BlackFideId "32049293"]
[EventDate "2022.12.17"]

1. e4 c5 2. Nf3 e6 3. d4 cxd4 4. Bg5 Qc7 5. c3 d3 6. Bxd3 Nc6 7. O-O Be7 8. Bxe7
Ngxe7 9. c4 O-O 10. Nc3 a6 11. Rc1 Ne5 12. Nxe5 Qxe5 13. f4 Qc5+ 14. Kh1 d6 15.
a3 b6 16. b4 Qc7 17. Qh5 Bb7 18. Rf3 f5 19. Rh3 h6 20. Rg3 Kh8 21. Re1 b5 22.
exf5 Nxf5 23. Rxe6 Nxg3+ 24. hxg3 Qf7 25. Qxf7 Rxf7 26. cxb5 axb5 27. Nxb5 d5
28. a4 Rf6 29. Rxf6 gxf6 30. Nd6 Rxa4 31. Nxb7 Rxb4 32. Nc5 Kg7 33. Bf5 Rc4 34.
Nd3 d4 35. Kg1 Rc2 36. g4 Ra2 37. Nc5 Rd2 38. Nb3 Rd1+ 39. Kf2 d3 40. Ke3 Rb1
41. Nd2 Rg1 42. Be4 h5 43. gxh5 Kh6 44. Bf3 Ra1 45. Kxd3 Ra4 46. Ke3 Rb4 47. Ne4
Kg7 48. g4 Ra4 49. Be2 Ra3+ 50. Bd3 Ra4 51. g5 fxg5 52. fxg5 Ra5 53. Kf4 Rd5 54.
Bc2 Ra5 55. h6+ Kh8 56. g6 Ra6 57. g7+ Kg8 58. Bb3+ 1-0

[Event "European Rapid 2022"]
[Site "Katowice POL"]
[Date "2022.12.17"]
[Round "5.58"]
[White "Triadu Cassa, Jordi"]
[Black "Kyc, Jerzy"]
[Result "0-1"]
[WhiteTitle "CM"]
[WhiteElo "2195"]
[BlackElo "2230"]
[WhiteFideId "2241927"]
[BlackFideId "1163922"]
[EventDate "2022.12.17"]

1. e4 c5 2. c4 Nc6 3. Nc3 g6 4. g3 Bg7 5. Bg2 e6 6. Nge2 Nge7 7. O-O O-O 8. a3
f5 9. d3 fxe4 10. dxe4 Nd4 11. Be3 Nec6 12. Rb1 a5 13. Nb5 e5 14. Nec3 d6 15.
Nd5 Nxb5 16. cxb5 Nd4 17. b6 Bd7 18. Nc7 Rc8 19. b4 axb4 20. axb4 c4 21. Rc1
Rxc7 22. bxc7 Qxc7 23. Bxd4 exd4 24. e5 b5 25. Qxd4 Bxe5 26. Bd5+ Kg7 27. Qe3
Re8 28. Qd2 Bf5 29. f4 Qb6+ 30. Kh1 Bd4 31. Rfe1 Re3 32. Rxe3 Bxe3 33. Qc3+ Qd4
34. Bc6 Qxc3 35. Rxc3 Bd2 36. Ra3 c3 37. Ra7+ Kf8 38. Ra8+ Ke7 39. g4 c2 40. Ra1
Bxg4 41. Bxb5 0-1

[Event "European Rapid 2022"]
[Site "Katowice POL"]
[Date "2022.12.17"]
[Round "5.59"]
[White "Grinev, Valeriy"]
[Black "Baliasnyj, Timur"]
[Result "1/2-1/2"]
[WhiteTitle "IM"]
[WhiteElo "2425"]
[BlackElo "2197"]
[WhiteFideId "14117517"]
[BlackFideId "12802719"]
[EventDate "2022.12.17"]

1. d4 Nf6 2. c4 c5 3. d5 b5 4. cxb5 a6 5. bxa6 Bxa6 6. Nc3 d6 7. e4 Bxf1 8. Kxf1
g6 9. Nf3 Bg7 10. g3 O-O 11. Kg2 Qb6 12. Re1 Nbd7 13. a4 Rfb8 14. Ra3 Ne8 15.
Qe2 Nc7 16. Nd2 Qa6 17. Nc4 Ne5 18. Nxe5 Qxe2 19. Rxe2 Bxe5 20. f4 Bd4 21. Kf3
Rb4 22. Be3 Bxc3 23. bxc3 Rbxa4 24. Rxa4 Rxa4 25. Rb2 Ra7 26. g4 f5 27. gxf5
gxf5 28. c4 fxe4+ 29. Kxe4 Kf7 30. Bf2 Ra4 31. Rc2 Na8 32. Bh4 1/2-1/2

[Event "European Rapid 2022"]
[Site "Katowice POL"]
[Date "2022.12.17"]
[Round "5.60"]
[White "Pacuszka, Tomasz"]
[Black "Uruci, Endrit"]
[Result "1-0"]
[WhiteTitle "FM"]
[BlackTitle "FM"]
[WhiteElo "2186"]
[BlackElo "2297"]
[WhiteFideId "1119036"]
[BlackFideId "22100199"]
[EventDate "2022.12.17"]

1. g3 d5 2. Bg2 Nf6 3. Nf3 c6 4. O-O Bf5 5. d3 h6 6. Nbd2 e6 7. c3 Bc5 8. b4 Bb6
9. Bb2 a5 10. a3 O-O 11. c4 axb4 12. axb4 Na6 13. Qb3 Qe7 14. c5 Bc7 15. Rfe1 e5
16. e4 Be6 17. Nxe5 dxe4 18. Nec4 exd3 19. Qc3 Rfe8 20. Ne4 Bxc4 21. Qxc4 Nxe4
22. Rxe4 Qd7 23. Rg4 Be5 24. Bxe5 Rxe5 25. Rd4 Qe7 26. Qxd3 Re1+ 27. Rxe1 Qxe1+
28. Qf1 Qc3 29. Qc4 Qe1+ 30. Bf1 Qe7 31. Qd3 Qf6 32. h4 Re8 33. Rf4 Qe7 34. Qf5
g6 35. Qc2 Nc7 36. Bc4 Ne6 37. Re4 Qf6 38. Qe2 Kg7 39. Qe3 h5 40. Kg2 Qf5 41.
Qc3+ Kg8 42. Qf3 Kg7 43. Bxe6 Rxe6 44. Rf4 Qd5 45. Rxf7+ Kh6 46. Qxd5 cxd5 47.
Rxb7 Re4 48. c6 Rc4 49. b5 d4 50. Rd7 Rc5 51. c7 1-0

[Event "European Rapid 2022"]
[Site "Katowice POL"]
[Date "2022.12.17"]
[Round "5.61"]
[White "Kozak, Antoni"]
[Black "Bouska, Jiri"]
[Result "1-0"]
[WhiteElo "2422"]
[BlackElo "2238"]
[WhiteFideId "21832030"]
[BlackFideId "23722223"]
[EventDate "2022.12.17"]

1. d4 Nf6 2. Nf3 g6 3. Bf4 Bg7 4. e3 O-O 5. Be2 c5 6. c3 d6 7. h3 Qb6 8. Qb3 Be6
9. Qa3 Nc6 10. Nbd2 Qa5 11. Qxa5 Nxa5 12. O-O Rac8 13. Rfe1 a6 14. Bd3 Rfd8 15.
Rac1 b5 16. b3 c4 17. Bc2 Nd5 18. b4 Nc6 19. Nb1 Nxf4 20. exf4 Bd5 21. Nh2 e5
22. dxe5 dxe5 23. f5 Ne7 24. Ng4 f6 25. Ne3 gxf5 26. Nxf5 Nxf5 27. Bxf5 Rc6 28.
Rc2 Rcd6 29. Ree2 Bh6 30. Nd2 Bxg2 31. Nxc4 bxc4 32. Kxg2 Kg7 33. Re4 Rc6 34.
Rg4+ Kh8 35. Rh4 Kg7 36. Re2 Rd2 37. Ree4 Bf4 38. Rxh7+ Kg8 39. Ra7 Rxa2 40. b5
Rc5 41. bxa6 Rc6 42. Rxc4 Raxa6 43. Rxa6 Rxa6 44. Rc8+ Kg7 45. Rc7+ Kg8 46. Kf3
Bh6 47. Kg4 Ra4+ 48. Kh5 Bg5 49. c4 Ra3 50. h4 Rf3 51. Kg6 Bh6 52. Rc8+ 1-0

[Event "European Rapid 2022"]
[Site "Katowice POL"]
[Date "2022.12.17"]
[Round "5.62"]
[White "Krivenko, Dion"]
[Black "Petursson, Margeir"]
[Result "0-1"]
[BlackTitle "GM"]
[WhiteElo "2141"]
[BlackElo "2437"]
[WhiteFideId "4508378"]
[BlackFideId "2300028"]
[EventDate "2022.12.17"]

1. e4 c5 2. Nf3 g6 3. d4 cxd4 4. Qxd4 Nf6 5. e5 Nc6 6. Qa4 Nd5 7. Qb3 e6 8. c4
Nb6 9. a4 d6 10. Bg5 Nd4 11. Nxd4 Qxg5 12. Nf3 Qc1+ 13. Qd1 Qxb2 14. Nbd2 dxe5
15. Be2 Bg7 16. Rb1 Qa3 17. O-O O-O 18. Ra1 Qe7 19. Rb1 Nd7 20. Ne4 f5 21. Nd6
Nc5 22. Nb5 e4 23. Ne1 a6 24. Nd6 Bd7 25. a5 Ba4 26. Qd2 Rad8 27. Qb4 Qxd6 28.
Qb5 0-1

[Event "European Rapid 2022"]
[Site "Katowice POL"]
[Date "2022.12.17"]
[Round "5.63"]
[White "Psyk, Radoslaw"]
[Black "Skuhala, Barbara"]
[Result "1-0"]
[BlackTitle "WFM"]
[WhiteElo "2438"]
[BlackElo "2103"]
[WhiteFideId "1182838"]
[BlackFideId "14605465"]
[EventDate "2022.12.17"]

1. e4 c5 2. Be2 a6 3. d3 Nc6 4. f4 e6 5. Nf3 Nge7 6. O-O d5 7. c3 d4 8. Qe1 b6
9. Kh1 Bb7 10. Nbd2 Qc7 11. cxd4 Nxd4 12. Nxd4 cxd4 13. Nf3 Nc6 14. Qg3 O-O-O
15. Bd2 Kb8 16. Rac1 h6 17. Rc2 g5 18. Rfc1 f6 19. b4 gxf4 20. Bxf4 Bd6 21. Bxd6
Qxd6 22. Rxc6 Qxg3 23. hxg3 Bxc6 24. Rxc6 Rhe8 25. Rxb6+ Ka7 26. Rc6 Rc8 27. Rd6
Rcd8 28. Rxd4 Rxd4 29. Nxd4 e5 30. Nb3 Rc8 31. Nc5 Kb6 32. Nd7+ Kb7 33. Nxf6 Rc2
34. Bg4 Rxa2 35. Be6 Rb2 36. Nd5 Rd2 37. Kh2 Rxd3 38. Kh3 Rd2 39. g4 Kc6 40. Bc8
Re2 41. Bf5 Kd6 42. Kg3 Rb2 43. Bc8 Ra2 44. Kh4 Re2 45. Bxa6 Rxe4 46. Bb7 Re2
47. Nc3 Rc2 48. Ne4+ Kc7 49. Nc5 Rc4 50. Bd5 Rc1 51. Nd3 Rd1 52. Be4 Kd6 53. Kh5
Rh1+ 54. Kg6 Ke6 55. b5 Kd6 56. b6 1-0

[Event "European Rapid 2022"]
[Site "Katowice POL"]
[Date "2022.12.17"]
[Round "5.64"]
[White "Fus, Jakub"]
[Black "Lewandowski, Rafal"]
[Result "1-0"]
[WhiteTitle "FM"]
[WhiteElo "2405"]
[BlackElo "2183"]
[WhiteFideId "1193023"]
[BlackFideId "1111981"]
[EventDate "2022.12.17"]

1. Nf3 d5 2. e3 e6 3. c4 c5 4. cxd5 exd5 5. d4 Nf6 6. Nc3 Nc6 7. Be2 Be7 8. O-O
O-O 9. b3 Ne4 10. Bb2 Bf6 11. Na4 Re8 12. Rc1 cxd4 13. Nxd4 Bd7 14. Nc5 Nxc5 15.
Rxc5 Be6 16. Nxc6 Qb6 17. Rb5 Qxc6 18. Bxf6 gxf6 19. Rb4 Rec8 20. Bd3 Qc3 21.
Rh4 f5 22. Rd4 Kh8 23. Qh5 Rg8 24. Bxf5 Rg7 25. Rh4 Qe5 26. Bxe6 Qxh5 27. Rxh5
fxe6 28. Re5 Re7 29. Rc1 Kg7 30. f4 Kf6 31. Kf2 Rg8 32. Kf3 Reg7 33. g3 Ke7 34.
Rh5 Kd6 35. Rh6 Rf8 36. e4 dxe4+ 37. Kxe4 Rf5 38. Rc8 Kd7 39. Rb8 Kd6 40. Re8
Ra5 41. Rexe6+ Kd7 42. Rd6+ Kc7 43. Rd2 Rc5 44. Kf3 Rc3+ 45. Kf2 Re7 46. Re2 Rd7
47. Rhe6 Kd8 48. Re8+ Kc7 49. R8e7 1-0

[Event "European Rapid 2022"]
[Site "Katowice POL"]
[Date "2022.12.17"]
[Round "5.65"]
[White "Sidletskyi, Ivan"]
[Black "Kjartansson, Gudmundur"]
[Result "1/2-1/2"]
[BlackTitle "GM"]
[WhiteElo "2152"]
[BlackElo "2453"]
[WhiteFideId "14156024"]
[BlackFideId "2301318"]
[EventDate "2022.12.17"]

1. e4 c5 2. Nf3 d6 3. d4 cxd4 4. Nxd4 Nf6 5. Nc3 a6 6. Bg5 e6 7. f4 Be7 8. Qf3
Qc7 9. O-O-O Nbd7 10. g4 h6 11. Bxf6 Bxf6 12. h4 Nb6 13. g5 Bxd4 14. Rxd4 Qc5
15. Rd2 Bd7 16. Bd3 O-O-O 17. Qf2 Bc6 18. Rg1 hxg5 19. Rxg5 Qxf2 20. Rxf2 g6 21.
Rh2 Rh6 22. f5 Nd7 23. fxe6 fxe6 24. Ne2 Ne5 25. Nd4 Rdh8 26. Nxc6 Nxc6 27. Be2
Kd7 28. h5 gxh5 29. Rgxh5 Rxh5 30. Rxh5 Rxh5 31. Bxh5 Ke7 32. Kd2 Kf6 33. Ke3
Ke5 34. c3 Ne7 35. Be8 Ng8 36. Bd7 a5 37. Bc8 b6 38. Ba6 Nf6 39. Bd3 Nd7 40. Bc2
Nc5 41. Kf3 Nd7 42. Ke3 Nb8 43. Bd3 Nc6 44. Bb5 Ne7 45. Bd3 Ng6 46. Bc2 Nf4 47.
Kf3 Nh5 48. Bd3 Nf6 49. Ke3 Nd7 50. Bc2 Nc5 51. Kf3 b5 52. Ke3 b4 53. cxb4 axb4
54. a3 b3 55. Bd1 d5 56. exd5 exd5 57. Kd2 Kd4 58. a4 Kc4 59. a5 Kb4 60. Ke3
Kxa5 61. Kd4 Kb4 62. Kxd5 Nd3 63. Bxb3 Kxb3 64. Kd4 Nxb2 65. Ke5 1/2-1/2

[Event "European Rapid 2022"]
[Site "Katowice POL"]
[Date "2022.12.17"]
[Round "5.66"]
[White "Charkhalashvili, Inga"]
[Black "Hulka, Valentyn"]
[Result "1-0"]
[WhiteTitle "WGM"]
[BlackTitle "CM"]
[WhiteElo "2273"]
[BlackElo "2222"]
[WhiteFideId "13601431"]
[BlackFideId "34107061"]
[EventDate "2022.12.17"]

1. d4 Nf6 2. c4 e6 3. g3 d5 4. Bg2 Bb4+ 5. Bd2 a5 6. Nf3 O-O 7. O-O Be7 8. Bc3
Ne4 9. Nbd2 Nxc3 10. bxc3 c6 11. Ne5 Nd7 12. Nxd7 Bxd7 13. e4 Qc7 14. Rb1 Rab8
15. cxd5 cxd5 16. exd5 Qxc3 17. Ne4 Qa3 18. Rb3 Ba4 19. Rxa3 Bxd1 20. d6 Bxd6
21. Nxd6 Be2 22. Re1 Ba6 23. Rxa5 Rfd8 24. Ne4 Rxd4 25. Nc5 g6 26. Nxa6 bxa6 27.
Rxa6 Rb2 28. a4 Ra2 29. Ra8+ Kg7 30. Bc6 Rd6 31. Be8 Rdd2 32. Rf1 Kf8 33. a5 Rd6
34. Bb5+ Kg7 35. a6 Rb6 36. Bc4 Ra4 37. Rc8 1-0

[Event "European Rapid 2022"]
[Site "Katowice POL"]
[Date "2022.12.17"]
[Round "5.67"]
[White "Maltsevskaya, Aleksandra"]
[Black "Dors, Ryszard"]
[Result "1-0"]
[WhiteTitle "IM"]
[WhiteElo "2400"]
[BlackElo "2142"]
[WhiteFideId "24174041"]
[BlackFideId "1104217"]
[EventDate "2022.12.17"]

1. e4 c6 2. d4 d5 3. e5 Bf5 4. h4 h5 5. c4 e6 6. Nc3 a6 7. Nge2 Nd7 8. Ng3 Bg6
9. a3 Be7 10. Be2 Bxh4 11. Nxh5 Bxh5 12. Bxh5 g6 13. Bf3 Bf6 14. Rxh8 Bxh8 15.
Be3 Bg7 16. Qd2 Nb6 17. Be2 Nxc4 18. Bxc4 dxc4 19. Ne4 Bf8 20. Ke2 Qd5 21. f3
O-O-O 22. Rh1 c5 23. dxc5 Qxe5 24. Qb4 f5 25. Rh7 Qd5 26. Bf4 Rd7 27. Rxd7 Kxd7
28. c6+ Ke8 29. cxb7 Bxb4 30. b8=Q+ Kd7 31. Qxg8 fxe4 32. axb4 exf3+ 33. gxf3
Qd3+ 34. Ke1 Qb1+ 35. Kf2 Qxb2+ 36. Kg3 Qxb4 37. Qf7+ Kc6 38. Qxe6+ Kb7 39. Qd7+
Ka8 40. Qc8+ Ka7 41. Be3+ 1-0

[Event "European Rapid 2022"]
[Site "Katowice POL"]
[Date "2022.12.17"]
[Round "5.68"]
[White "Zimina, Olga"]
[Black "Kukula, Pawel"]
[Result "1-0"]
[WhiteTitle "IM"]
[WhiteElo "2295"]
[BlackElo "2135"]
[WhiteFideId "4132190"]
[BlackFideId "1115081"]
[EventDate "2022.12.17"]

1. d4 Nf6 2. Nf3 g6 3. Nc3 d5 4. Bf4 Bg7 5. e3 O-O 6. Be2 c6 7. Ne5 Nbd7 8. h4
h5 9. f3 Qb6 10. Rb1 Nxe5 11. Bxe5 Bh6 12. Bf4 Bxf4 13. exf4 Qc7 14. Qd2 c5 15.
O-O Bf5 16. Rbc1 Rac8 17. Rfe1 a6 18. Bd3 Bxd3 19. cxd3 Qd6 20. dxc5 Rxc5 21. d4
Rc6 22. f5 Kg7 23. Re5 e6 24. fxg6 fxg6 25. Rce1 Qd7 26. Qe3 Re8 27. Ne2 Rc2 28.
Nf4 Rxb2 29. Nxe6+ Kg8 30. Nc5 Rxe5 31. dxe5 Qf5 32. exf6 Qxf6 33. Qe8+ Kg7 34.
Qe7+ Qxe7 35. Rxe7+ Kf6 36. Rxb7 Rxa2 37. Rb6+ Ke5 38. Rxa6 Rc2 39. Nd7+ Kf4 40.
Rxg6 d4 41. Kh2 d3 42. Rd6 Ke3 43. Nf6 d2 44. Ne4 1-0

[Event "European Rapid 2022"]
[Site "Katowice POL"]
[Date "2022.12.17"]
[Round "5.69"]
[White "Redzisz, Michal"]
[Black "Baum, Jonasz"]
[Result "0-1"]
[WhiteTitle "FM"]
[BlackTitle "IM"]
[WhiteElo "2260"]
[BlackElo "2420"]
[WhiteFideId "21816107"]
[BlackFideId "1195360"]
[EventDate "2022.12.17"]

1. d4 e6 2. e4 d5 3. exd5 exd5 4. Nf3 Nf6 5. c4 Bb4+ 6. Bd2 Bxd2+ 7. Nbxd2 O-O
8. Be2 dxc4 9. Nxc4 Nd5 10. Qd2 Qf6 11. O-O Nf4 12. Rfe1 Nxe2+ 13. Qxe2 Be6 14.
Ne3 c6 15. b4 a6 16. a4 Nd7 17. b5 axb5 18. axb5 h6 19. bxc6 bxc6 20. h3 Qf4 21.
Qc2 Rac8 22. Qe2 Rfe8 23. Rac1 Nf6 24. Qa6 Bxh3 25. Rxc6 Ra8 26. Qd3 Bd7 27.
Rcc1 Ra2 28. Rc2 Ra5 29. d5 Ra4 30. Qb3 Rae4 31. Rd2 Ng4 32. Rde2 Nf6 33. Qb7
Bc8 34. Qc6 Bd7 35. Qb7 g5 36. Qa6 Kg7 37. Nd2 Ra4 38. Qb7 Rb4 39. Qa6 Bb5 40.
Qa1 Bxe2 41. Rxe2 Kg8 42. d6 Qd4 43. Qa6 Rb6 44. Qa3 Qxd6 45. Qc3 Qc6 46. Qd4
Qc1+ 47. Ndf1 Rbe6 48. Nf5 Qf4 49. Rxe6 Rxe6 50. Qd8+ Kh7 51. Qf8 Kg6 52. Ne7+
Rxe7 53. Qxe7 Qe4 54. Qd8 Qe8 55. Qd6 Qe6 56. Qd8 Qd7 57. Qb6 Qe6 58. Qb8 Kg7
59. Qb2 Kg8 60. Qb8+ Qe8 61. Qb6 Qe5 62. Ne3 h5 63. Qd8+ Kg7 64. Qc8 h4 65. Nf5+
Kg6 66. Ne3 Qa1+ 67. Kh2 Qe5+ 68. Kg1 Qe4 69. Qa6 g4 70. Qe2 Kg7 71. Qe1 Qd3 72.
Qa5 Kg6 73. Qe1 Qe4 74. Qe2 Qb1+ 75. Kh2 Kg5 76. Nf1 Qe4 77. Qb5+ Qf5 78. Qe2
Ne4 79. Kg1 g3 80. Qe3+ Qf4 81. fxg3 hxg3 82. Qxf4+ Kxf4 83. Kh1 f6 84. Kg1 f5
85. Kh1 Nc3 86. Nd2 Ne2 87. Nf3 Ke3 88. Nh4 f4 89. Nf5+ Kf2 90. Nd4 Kf1 91. Nf3
Nc3 92. Nd4 Ne4 0-1

[Event "European Rapid 2022"]
[Site "Katowice POL"]
[Date "2022.12.17"]
[Round "5.70"]
[White "Seemann, Jakub"]
[Black "Panek, Bartosz"]
[Result "1-0"]
[WhiteTitle "FM"]
[BlackTitle "CM"]
[WhiteElo "2365"]
[BlackElo "2152"]
[WhiteFideId "21874697"]
[BlackFideId "1198220"]
[EventDate "2022.12.17"]

1. d4 Nf6 2. c4 e6 3. Nf3 d5 4. e3 c5 5. Nc3 Nc6 6. a3 h6 7. dxc5 Bxc5 8. b4 Be7
9. Bb2 O-O 10. Qc2 dxc4 11. Bxc4 a6 12. Be2 b6 13. O-O Bb7 14. Rfd1 Qc7 15. Ne4
Rac8 16. Nxf6+ Bxf6 17. Bxf6 gxf6 18. Rac1 Qe7 19. Qb2 b5 20. Rc5 Rcd8 21. Rdc1
Rd6 22. R1c3 Rfd8 23. Qc1 Ne5 24. Nxe5 fxe5 25. Rc7 R6d7 26. Rxd7 Rxd7 27. h3
Qg5 28. Bf1 Qe7 29. Rc5 Rd5 30. Rc7 Rd7 31. Rxd7 Qxd7 32. Qc5 Qd5 33. Qe7 Kg7
34. Kh2 Bc6 35. Kg3 Qd1 36. Qc7 Bd5 37. Qxe5+ Kg8 38. e4 Qxf1 39. exd5 Qd3+ 40.
Qe3 Qg6+ 41. Kh2 exd5 42. Qg3 Kf8 43. Qb8+ Kg7 44. Qe5+ Qf6 45. Qxd5 Qxf2 46.
Qd6 Qb2 47. Qg3+ Kh7 48. Qd3+ Kg7 49. Qe3 f6 50. Kg3 Kg6 51. h4 Qb1 52. Kh2 Qf5
53. Qg3+ Kh5 54. Qd6 Qe5+ 55. Qxe5+ fxe5 56. Kh3 Kg6 57. g4 Kf6 58. Kg3 Kg6 59.
Kf3 Kf6 60. Ke4 Ke6 61. g5 hxg5 62. hxg5 Kd6 63. g6 Ke6 64. g7 Kf7 65. Kxe5 Kxg7
66. Kd6 Kf6 67. Kc6 1-0